<?xml version="1.0" encoding="UTF-8"?><?xml-stylesheet type="text/xsl" href="static/style.xsl"?><OAI-PMH xmlns="http://www.openarchives.org/OAI/2.0/" xmlns:xsi="http://www.w3.org/2001/XMLSchema-instance" xsi:schemaLocation="http://www.openarchives.org/OAI/2.0/ http://www.openarchives.org/OAI/2.0/OAI-PMH.xsd"><responseDate>2026-04-17T07:49:23Z</responseDate><request verb="GetRecord" identifier="oai:www.recercat.cat:2117/398925" metadataPrefix="marc">https://recercat.cat/oai/request</request><GetRecord><record><header><identifier>oai:recercat.cat:2117/398925</identifier><datestamp>2025-07-23T05:11:02Z</datestamp><setSpec>com_2072_1033</setSpec><setSpec>col_2072_452951</setSpec></header><metadata><record xmlns="http://www.loc.gov/MARC21/slim" xmlns:dcterms="http://purl.org/dc/terms/" xmlns:xsi="http://www.w3.org/2001/XMLSchema-instance" xmlns:doc="http://www.lyncode.com/xoai" xsi:schemaLocation="http://www.loc.gov/MARC21/slim http://www.loc.gov/standards/marcxml/schema/MARC21slim.xsd">
   <leader>00925njm 22002777a 4500</leader>
   <datafield ind2=" " ind1=" " tag="042">
      <subfield code="a">dc</subfield>
   </datafield>
   <datafield ind2=" " ind1=" " tag="720">
      <subfield code="a">Orrillo Fabián, Juan Antonio</subfield>
      <subfield code="e">author</subfield>
   </datafield>
   <datafield ind2=" " ind1=" " tag="260">
      <subfield code="c">2023-10-10</subfield>
   </datafield>
   <datafield ind2=" " ind1=" " tag="520">
      <subfield code="a">Treball final del Màster Universitari en Estudis Avançats en Arquitectura-Barcelona (MBArch). Gestió i Valoració Urbana i Arquitectònica</subfield>
   </datafield>
   <datafield ind2=" " ind1=" " tag="520">
      <subfield code="a">En el Perú, el 44.9% de la población vive en asentamientos informales, en viviendas precarias o con servicios de agua y saneamiento inadecuados (INEI, 2021). Si bien, existen reportes de los últimos años que indican mejoras en las condiciones de vida en estos asentamientos , esto no se ve reflejado en la implementación de los espacios públicos y sus áreas verdes. De los veinticuatro (24) departamentos que conforman el Perú; solo Lima, Arequipa y Tacna tienen áreas verdes mayores a 3m2/habitante (SPDA, 2019), muy por debajo de lo mínimo establecido por la OMS (9 m2/habitante).&#xd;
&#xd;
En ese contexto, el presente trabajo propone estudiar cómo gestionar el espacio público y áreas verdes, que conlleve a desarrollar acciones y/o estrategias de implementación capaces de fomentar la generación o mejoramiento, con participación de la comunidad así como de las entidades públicas y/o privadas, que sirva como aporte de una nueva visión en la gestión con la finalidad de brindar alternativas de solución que permitan prever, disponer y reservar áreas existentes de uso público, acorde con las necesidades locales y características geográficas, y contribuir en el medioambiente, la salud y el bienestar de sus habitantes. El área de estudio está relacionado a las comunas 9 y 11, zona 4, del distrito de San Juan de Lurigancho.</subfield>
   </datafield>
   <datafield tag="653" ind2=" " ind1=" ">
      <subfield code="a">Àrees temàtiques de la UPC::Urbanisme::Planejament urbà</subfield>
   </datafield>
   <datafield tag="653" ind2=" " ind1=" ">
      <subfield code="a">Àrees temàtiques de la UPC::Urbanisme::Aspectes socials</subfield>
   </datafield>
   <datafield tag="653" ind2=" " ind1=" ">
      <subfield code="a">City planning -- Peru -- Lima</subfield>
   </datafield>
   <datafield tag="653" ind2=" " ind1=" ">
      <subfield code="a">Public spaces -- Peru -- Lima</subfield>
   </datafield>
   <datafield tag="653" ind2=" " ind1=" ">
      <subfield code="a">Suburbs -- Peru -- Lima</subfield>
   </datafield>
   <datafield tag="653" ind2=" " ind1=" ">
      <subfield code="a">Espacios públicos</subfield>
   </datafield>
   <datafield tag="653" ind2=" " ind1=" ">
      <subfield code="a">Asentamientos informales</subfield>
   </datafield>
   <datafield tag="653" ind2=" " ind1=" ">
      <subfield code="a">Gestión</subfield>
   </datafield>
   <datafield tag="653" ind2=" " ind1=" ">
      <subfield code="a">Intervenciones</subfield>
   </datafield>
   <datafield tag="653" ind2=" " ind1=" ">
      <subfield code="a">Estratégias</subfield>
   </datafield>
   <datafield tag="653" ind2=" " ind1=" ">
      <subfield code="a">Urbanisme -- Perú -- Lima</subfield>
   </datafield>
   <datafield tag="653" ind2=" " ind1=" ">
      <subfield code="a">Espais públics -- Perú -- Lima</subfield>
   </datafield>
   <datafield tag="653" ind2=" " ind1=" ">
      <subfield code="a">Barris perifèrics -- Perú -- Lima</subfield>
   </datafield>
   <datafield ind2="0" ind1="0" tag="245">
      <subfield code="a">Gestión para las intervenciones en espacios públicos desatendidos. El caso de las comunas 9 y 11 de la zona 4 del distrito de San Juan de Lurigancho en Lima Metropolitana</subfield>
   </datafield>
</record></metadata></record></GetRecord></OAI-PMH>